000 00926nam a2200205 i 4500
001 189508
003 SpMaBN
005 20250814220329.0
008 190606s1979 sp |||| |dspa d
080 _a929:34 Lago Gonzalez, Manuel
100 1 _aCela Diz, Manuel.
_9167283
245 1 3 _aEl pensamiento jurídico del arzobispo Lago
_b: discurso /
_cpronunciado el día 28 de abril de 1979, en la solemne sesión celebrada en el Seminario Conciliar de Tuy (Pontevedra) por el académico de honor... Don Manuel Cela Diz y contestación... Don Rafael Areses Pérez.
260 _aLa Coruña :
_bAcademia Gallega de Jurisprudencia y Legislación,
_c1979.
300 _a28 p. ;
_c27 cm.
600 1 7 _aLago González, Manuel,
_d1865-1925
_2
_9167284
700 1 _aAreses Pérez, Rafael.
_9167285
710 2 _aAcademia Gallega de Jurisprudencia y Legislación.
_91197
852 _aES-MaACL
_j2341-F-11
999 _c189508
_d189508